000 01395nam a2200349Ia 4500
001 ebr10587298
003 CaPaEBR
006 m u
007 cr cn|||||||||
008 020118s2002 nyu sb 001 0 eng d
010 _z 2002017729
020 _z0791454134 (alk. paper)
020 _z0791454142 (pbk. : alk. paper)
020 _z9780791454138
020 _z9780791488461 (ebook)
040 _aCaPaEBR
_cCaPaEBR
035 _a(OCoLC)811404215
050 1 4 _aPS374.P64
_bM35 2002eb
100 1 _aMaltby, Paul.
245 1 4 _aThe visionary moment
_h[electronic resource] :
_ba postmodern critique /
_cPaul Maltby.
260 _aAlbany :
_bState University of New York Press,
_cc2002.
300 _axi, 176 p.
440 0 _aSUNY series in postmodern culture
504 _aIncludes bibliographical references (p. 147-160) and index.
533 _aElectronic reproduction.
_bPalo Alto, Calif. :
_cebrary,
_d2011.
_nAvailable via World Wide Web.
_nAccess may be limited to ebrary affiliated libraries.
650 0 _aAmerican fiction
_y20th century
_xHistory and criticism.
650 0 _aPostmodernism (Literature)
_zUnited States.
650 0 _aVisions in literature.
655 7 _aElectronic books.
_2local
710 2 _aebrary, Inc.
856 4 0 _uhttp://site.ebrary.com/lib/rucke/Doc?id=10587298
_zAn electronic book accessible through the World Wide Web; click to view
999 _c212134
_d212134